| 000 | 00000nam##2200000za#4500 |
| 001 | 9.588043 |
| 003 | CaOODSP |
| 005 | 20210624194929 |
| 007 | cr ||||||||||| |
| 008 | 150406|2010||||xxc|||||o f|0| 0 eng|d |
| 022 | |a1701-1280 |
| 040 | |aCaOODSP|beng |
| 041 | |aeng |
| 041 | |afre |
| 043 | |an-cn--- |
| 086 | 1 |aFs70-4/2010-034-PDF |
| 110 | 1 |aCanada. |bDepartment of Fisheries and Oceans. |
| 245 | 10|aProceedings of a national science advisory process to review the marine component of the 2010 Ecosystem Status and Trends Report (ESTR) : |h[electronic resource]|b1-4 December 2009, Montreal, Quebec / |cmeeting chair: P. Simon; editors: A. White and R. Smith. |
| 260 | |aOttawa - Ontario : |bFisheries and Oceans Canada |cOctober 2010. |
| 300 | |a33p.|btables |
| 490 | 1 |aCanadian Science Advisory Secretariat proceedings series|x1701-1280|v2010/034 |
| 590 | |a12-31-Supp|b2012-07-06 |
| 792 | |tCompte rendu d'un processus national d'avis scientifique visant à examiner la composante maritime du Rapport sur l'état et les tendances des écosystèmes (RETE) de 2010 : |efre|w(CaOODSP)9.588044 |
| 830 | #0|aProceedings series (Canadian Science Advisory Secretariat)|x1701-1280|v2010/034|w(CaOODSP)9.500507 |
| 856 | 40|ahttp://publications.gc.ca|qPDF|s149 KB|uhttps://publications.gc.ca/collections/collection_2012/mpo-dfo/Fs70-4-2010-034.pdf|y2010/034 |